Statistiques concernant Best Airlines in the world

Cliquez ici pour prendre le quiz!

Statistiques générales

  • Ce quiz a été pris 43 fois
  • Le résultat moyen est 6 sur 15

Statistiques - réponses

#Airlines% Correct
#7Air France
97%
#3Emirates
84%
#2Qatar Airways
71%
#1Singapore Airlines
48%
#8Qantas Airways
39%
#6Turkish Airlines
39%
#4All Nippon Airways
35%
#5Japan Airlines
35%
#11Etihad Airlines
29%
#13Cathay Pacific
26%
#14Air New Zealand
23%
#9Korean Air
23%
#10Swiss Air
23%
#12Eva Air
10%
#15Virgin Atlantic/
Virgin Australia
6%

Distribution des résultats

Percentile par nombre de réponses

% des personnes avec chaque résultat

Votre développement - résultats

Vous n’avez pas pris ce quiz